<?xml version="1.0" encoding="UTF-8"?>
<collection xmlns="http://www.loc.gov/MARC21/slim">
 <record>
  <leader>01584nam a2200205Ia 4500</leader>
  <controlfield tag="001">CTU_192222</controlfield>
  <controlfield tag="008">210402s9999    xx            000 0 und d</controlfield>
  <datafield tag="082" ind1=" " ind2=" ">
   <subfield code="a">572</subfield>
  </datafield>
  <datafield tag="082" ind1=" " ind2=" ">
   <subfield code="b">M596/Vol.1</subfield>
  </datafield>
  <datafield tag="100" ind1=" " ind2=" ">
   <subfield code="a">Metzler, David E.</subfield>
  </datafield>
  <datafield tag="245" ind1=" " ind2="0">
   <subfield code="a">Biochemistry :</subfield>
  </datafield>
  <datafield tag="245" ind1=" " ind2="4">
   <subfield code="b">The chemical reactions of living cells</subfield>
  </datafield>
  <datafield tag="245" ind1=" " ind2="0">
   <subfield code="c">David E. Metzler ; in association with Carol M. Metzler</subfield>
  </datafield>
  <datafield tag="260" ind1=" " ind2=" ">
   <subfield code="a">San Diego, Calif.</subfield>
  </datafield>
  <datafield tag="260" ind1=" " ind2=" ">
   <subfield code="b">Academic</subfield>
  </datafield>
  <datafield tag="260" ind1=" " ind2=" ">
   <subfield code="c">2001</subfield>
  </datafield>
  <datafield tag="520" ind1=" " ind2=" ">
   <subfield code="a">The most comprehensive textbook/reference ever to cover the chemical basis of life, the &quot;Green Bible of Biochemistry&quot; has been a well-respected contribution to the field for more than twenty years. The complex structures that make up cells are described in detail, along with the forces that hold them together, and the chemical reactions that allow for recognition, signaling and movement. There is ample information on the human body, its genome, and the action of muscles, eyes, and the brain. The complete set deals with the natural world, treating the metabolism of bacteria, toxins, antibiotics, specialized compounds made by plants, photosynthesis, luminescence of fireflies, among many other topics. It is the most comprehensive biochemistry text reference available on the market. It is organized into two volumes, comprising 32 chapters and containing the latest research in the field. Biological content is emphasized: for example, macromolecular structures and enzyme action are discussed.</subfield>
  </datafield>
  <datafield tag="650" ind1=" " ind2=" ">
   <subfield code="a">Biochemistry,Hóa sinh</subfield>
  </datafield>
  <datafield tag="910" ind1=" " ind2=" ">
   <subfield code="a">Hải</subfield>
  </datafield>
  <datafield tag="980" ind1=" " ind2=" ">
   <subfield code="a">Trung tâm Học liệu Trường Đại học Cần Thơ</subfield>
  </datafield>
 </record>
</collection>
